000 00423nam a2200157Ia 4500
003 GCL
008 140319s9999 xx 000 0 eng d
040 _aGCL /
_cGCL
082 0 4 _a709.02
_bS M
100 1 _aSHAVER-CRAMTELL, ANNIEE
245 1 0 _aThe Middle Ages /
_cSHAVER-CRAMTELL, ANNIEE
260 _a[S.N] :
_bCAMLRIDGE UNIVERSITY PRESS ،
_c1991
300 _a122
650 0 4 _aART MEDIEVAL EUROPE
942 _2ddc
_cBK
999 _c17362
_d17362